[Event "Reykjavik op"]
[Site "Reykjavik"]
[Date "2024.03.21"]
[Round "9"]
[White "Fjeldsted, Andres"]
[Black "Davidsen, Rokur"]
[Result "0-1"]
[WhiteElo "1795"]
[BlackElo "1682"]
[PlyCount "70"]
[EventDate "2024.03.15"]
[EventType "swiss"]
[EventRounds "9"]
[EventCountry "ISL"]
[SourceTitle "CBM 219 Extra"]
[Source "ChessBase"]
[SourceDate "2024.05.31"]
[SourceVersion "1"]
[SourceVersionDate "2024.05.31"]
[SourceQuality "1"]

1. e4 c5 2. Nc3 Nc6 3. f4 g6 4. Nf3 Bg7 5. d3 d6 6. g3 Nf6 7. Bg2 0-0 8. 0-0 Bg4 9. h3 Bxf3 10. Bxf3 Qd7 11. Bg2 Rab8 12. Be3 e5 13. f5 Nd4 14. g4 Ne8 15. Nd5 Nc7 16. c3 Nxd5 17. exd5 gxf5 18. cxd4 cxd4 19. Bg5 f6 20. Bh4 fxg4 21. Qxg4 f5 22. Qe2 Bh6 23. Rf3 Bf4 24. Rb1 Rbc8 25. Bf2 Rfe8 26. Bg3 Be3+ 27. Rxe3 dxe3 28. Qh5 f4 29. Bh4 Rc2 30. Be4 Qf7 31. Bxh7+ Kg7 32. Qxf7+ Kxf7 33. Be4 Rg8+ 34. Kh1 Rh8 35. Be1 Rxh3+ 0-1

[Event "Reykjavik op"]
[Site "Reykjavik"]
[Date "2024.03.18"]
[Round "5"]
[White "Skjoldebrand, Martin"]
[Black "Davidsen, Rokur"]
[Result "1/2-1/2"]
[WhiteElo "1884"]
[BlackElo "1682"]
[PlyCount "91"]
[EventDate "2024.03.15"]
[EventType "swiss"]
[EventRounds "9"]
[EventCountry "ISL"]
[SourceTitle "CBM 219 Extra"]
[Source "ChessBase"]
[SourceDate "2024.05.31"]
[SourceVersion "1"]
[SourceVersionDate "2024.05.31"]
[SourceQuality "1"]

1. d4 f5 2. e4 fxe4 3. Nc3 Nf6 4. Bg5 g6 5. h4 d5 6. f3 Qd6 7. Qd2 exf3 8. gxf3 Nc6 9. 0-0-0 Bf5 10. Bh3 Bxh3 11. Nxh3 Nh5 12. Nf4 Ng3 13. Rh3 Nf5 14. Nfxd5 Qd7 15. Qh2 0-0-0 16. Bf4 e6 17. Nf6 Qf7 18. Nfe4 Ncxd4 19. Be5 Bg7 20. Rd3 Bxe5 21. Qxe5 Nc6 22. Qb5 Rxd3 23. Nc5 Rd1+ 24. Nxd1 Nd6 25. Qb3 Re8 26. Qe3 Qf5 27. Rh1 Nc4 28. Qf2 Qf4+ 29. Kb1 Nb4 30. Nb3 Nd5 31. Re1 Nd6 32. Qxa7 Qxh4 33. Nc5 Nb6 34. Qa5 Qd4 35. Nb3 Qd5 36. Qc3 e5 37. Nf2 Kb8 38. Nd2 Qd4 39. Qe3 Qxe3 40. Rxe3 Ndc4 41. Nxc4 Nxc4 42. Rc3 Nd6 43. Kc1 Kc8 44. Re3 Kd7 45. Ng4 Re6 46. Nxe5+ 1/2-1/2

[Event "Torshavn Kjolur op"]
[Site "Torshavn"]
[Date "2023.01.29"]
[Round "7"]
[White "Davidsen, Rokur"]
[Black "Kalso, Steffan"]
[Result "0-1"]
[WhiteElo "1228"]
[BlackElo "1583"]
[PlyCount "86"]
[EventDate "2023.01.27"]
[EventType "swiss"]
[EventRounds "7"]
[EventCountry "FAI"]
[SourceTitle "EXT 2024"]
[Source "ChessBase"]
[SourceDate "2023.10.10"]
[SourceVersion "1"]
[SourceVersionDate "2023.10.10"]
[SourceQuality "1"]

1. e4 d5 2. exd5 Nf6 3. d4 Nxd5 4. c4 Nb6 5. Nc3 c6 6. h3 Bf5 7. Nf3 e6 8. Bd3 Bg6 9. 0-0 Be7 10. Re1 0-0 11. Bxg6 hxg6 12. b3 N8d7 13. Ne4 Nf6 14. Ne5 Nxe4 15. Rxe4 Nd7 16. Bb2 Nxe5 17. dxe5 Qxd1+ 18. Rxd1 Rfd8 19. Red4 Rxd4 20. Rxd4 Rd8 21. Kf1 Kf8 22. Rxd8+ Bxd8 23. Ba3+ Ke8 24. Bd6 f6 25. f4 Kf7 26. Ke2 f5 27. Bc5 b6 28. Bf2 g5 29. g3 gxf4 30. gxf4 Kg6 31. Kf3 Kh5 32. Be1 g5 33. Bd2 gxf4 34. Bxf4 Be7 35. Bg3 Bg5 36. Be1 Bc1 37. Bc3 Kh4 38. Ba1 Kxh3 39. a4 Bd2 40. Bb2 Kh4 41. Ba3 Kg5 42. Be7+ Kg6 43. Bf6 Bg5 0-1

[Event "Torshavn Rokur op"]
[Site "Torshavn"]
[Date "2023.01.14"]
[Round "5"]
[White "Davidsen, Rokur"]
[Black "Petersen, Elias"]
[Result "1/2-1/2"]
[WhiteElo "1228"]
[BlackElo "1450"]
[PlyCount "82"]
[EventDate "2023.01.13"]
[EventType "swiss"]
[EventRounds "7"]
[EventCountry "FAI"]
[SourceTitle "EXT 2024"]
[Source "ChessBase"]
[SourceDate "2023.10.10"]
[SourceVersion "1"]
[SourceVersionDate "2023.10.10"]
[SourceQuality "1"]

1. e4 c6 2. d4 d5 3. exd5 cxd5 4. Nf3 Bf5 5. c3 Nf6 6. Bf4 Nc6 7. Bd3 Bxd3 8. Qxd3 e6 9. 0-0 Bd6 10. Bxd6 Qxd6 11. Nbd2 0-0 12. Rfe1 Rfe8 13. Ne5 Nd7 14. Nxd7 Qxd7 15. Qg3 f6 16. f4 Rac8 17. Re3 Re7 18. Qh3 Qd6 19. Qg3 a6 20. Rae1 Rce8 21. Qg4 b5 22. Nb3 e5 23. fxe5 fxe5 24. dxe5 Rxe5 25. Rxe5 Nxe5 26. Qd1 Qe6 27. Nd4 Qg6 28. Rf1 Qe4 29. Re1 Qg6 30. Rf1 Qg5 31. Rf5 Qe3+ 32. Kh1 Nd3 33. Qf1 Nxb2 34. Rxd5 Qxc3 35. Rd7 Rf8 36. Rxg7+ Kxg7 37. Ne6+ Kg6 38. Nxf8+ Kg5 39. Ne6+ Kg6 40. Nf8+ Kg7 41. Ne6+ Kg6 1/2-1/2

[Event "Nordic-ch U13"]
[Site "Fredericia"]
[Date "2020.02.16"]
[Round "4"]
[White "Petersen, Elias"]
[Black "Davidsen, Rokur"]
[Result "1-0"]
[WhiteElo "1151"]
[BlackElo "1124"]
[PlyCount "45"]
[EventDate "2020.02.14"]
[EventType "swiss"]
[EventRounds "6"]
[EventCountry "DEN"]
[SourceTitle "EXT 2021"]
[Source "ChessBase"]
[SourceDate "2020.10.23"]
[SourceVersion "1"]
[SourceVersionDate "2020.10.23"]
[SourceQuality "1"]

1. e4 e5 2. Nf3 Nc6 3. Bc4 d6 4. h3 f5 5. d3 Nf6 6. Nc3 fxe4 7. dxe4 b6 8. Bg5 Bb7 9. Nd5 h6 10. Bxf6 gxf6 11. 0-0 Bg7 12. Nh4 Ne7 13. Nxe7 Qxe7 14. Nf5 Qd7 15. Qd3 a6 16. f4 c6 17. Nxd6+ Kf8 18. fxe5 b5 19. Bb3 c5 20. c4 b4 21. exf6 Rg8 22. fxg7+ Kxg7 23. Rf7+ 1-0

[Event "Nordic-ch U13"]
[Site "Fredericia"]
[Date "2020.02.15"]
[Round "5"]
[White "Davidsen, Rokur"]
[Black "Hakkinen, Aleksandr"]
[Result "0-1"]
[WhiteElo "1124"]
[BlackElo "1572"]
[PlyCount "36"]
[EventDate "2020.02.14"]
[EventType "swiss"]
[EventRounds "6"]
[EventCountry "DEN"]
[SourceTitle "EXT 2021"]
[Source "ChessBase"]
[SourceDate "2020.10.23"]
[SourceVersion "1"]
[SourceVersionDate "2020.10.23"]
[SourceQuality "1"]

1. e4 d5 2. exd5 Qxd5 3. Nf3 Nf6 4. Nc3 Qa5 5. Bc4 Bg4 6. 0-0 e6 7. d4 c6 8. Bd2 Qc7 9. Nb1 Bd6 10. Be2 Bxf3 11. Bxf3 Bxh2+ 12. Kh1 Bf4 13. Bxf4 Qxf4 14. Be2 h5 15. Kg1 Qh4 16. g3 Qh3 17. Bf3 Ng4 18. Re1 Qh2+ 0-1

[Event "Nordic-ch U13"]
[Site "Fredericia"]
[Date "2020.02.15"]
[Round "3"]
[White "Wahlgreen, Noah Krug"]
[Black "Davidsen, Rokur"]
[Result "1-0"]
[WhiteElo "1765"]
[BlackElo "1124"]
[PlyCount "39"]
[EventDate "2020.02.14"]
[EventType "swiss"]
[EventRounds "6"]
[EventCountry "DEN"]
[SourceTitle "EXT 2021"]
[Source "ChessBase"]
[SourceDate "2020.10.23"]
[SourceVersion "1"]
[SourceVersionDate "2020.10.23"]
[SourceQuality "1"]

1. d4 d5 2. Nc3 Nf6 3. Bf4 e6 4. e3 Bd6 5. Bg3 Nc6 6. Nf3 Bd7 7. Ne5 Bb4 8. Bd3 Nxe5 9. dxe5 Ne4 10. Bxe4 dxe4 11. Qg4 g6 12. Bh4 Be7 13. Bxe7 Qxe7 14. 0-0-0 Bc6 15. Nxe4 Bd5 16. Nf6+ Kf8 17. Qf4 Qc5 18. Nxd5 exd5 19. e6 Rd8 20. Qxf7# 1-0

[Event "Nordic-ch U13"]
[Site "Fredericia"]
[Date "2020.02.14"]
[Round "1"]
[White "Nordquelle, Amelia"]
[Black "Davidsen, Rokur"]
[Result "1-0"]
[WhiteElo "1768"]
[BlackElo "1124"]
[PlyCount "63"]
[EventDate "2020.02.14"]
[EventType "swiss"]
[EventRounds "6"]
[EventCountry "DEN"]
[SourceTitle "EXT 2021"]
[Source "ChessBase"]
[SourceDate "2020.10.23"]
[SourceVersion "1"]
[SourceVersionDate "2020.10.23"]
[SourceQuality "1"]

1. d4 d5 2. c4 c6 3. Nf3 Bf5 4. Qb3 b6 5. e3 Nf6 6. cxd5 cxd5 7. Ne5 Nbd7 8. Bb5 Rc8 9. Nd2 e6 10. Qa4 Rc7 11. Ndf3 Ng4 12. Bxd7+ Rxd7 13. Qxd7+ Qxd7 14. Nxd7 Kxd7 15. 0-0 Bd6 16. h3 Nf6 17. a3 Ne8 18. b4 Nc7 19. Bb2 h5 20. Ne5+ Ke8 21. Rac1 g5 22. Rc6 Bxe5 23. dxe5 Kd8 24. Rfc1 Ne8 25. Rc8+ Ke7 26. b5 g4 27. hxg4 hxg4 28. a4 Be4 29. Ra8 Rh4 30. Ba3+ Nd6 31. Bxd6+ Kd7 32. Rc7# 1-0